00326nam a2200085 a 450000500170000000800410001705000210005810000340007924501270011320140408090007.0030602s19uu xx 00 eng d aPGS '98bGRA #13 aGrandea, Maria Socorro Jereza aThe Use of the math center and how it affects the Southville Internatonal School grade six students school year 1997-1998.